| 000 | 00527nam a2200169Ia 4500 | ||
|---|---|---|---|
| 008 | 090201s9999 xx 000 0 und d | ||
| 010 | _aKPL-47844 | ||
| 040 | _bमराठी | ||
| 041 | _aमराठी | ||
| 082 |
_a33772 _b47844 |
||
| 100 | _aव्यंकटेश महाजन | ||
| 245 |
_aमोहल्ला _cव्यंकटेश महाजन |
||
| 260 |
_c2004 _bश्रध्दा प्रकाशन |
||
| 300 |
_a234 _bमोठा |
||
| 600 | _aमोहल्ला | ||
| 942 | _cBOOK | ||
| 999 |
_c232014 _d232014 |
||